Výsledky uplatnenia regionálneho operačného programu Podpora neinvestičných aktivít v cestovnom ruchu v rámci ROP diplomová práca

Salvato in:
Dettagli Bibliografici
Autore principale: Kozma, Boris
Ente Autore: Obchodná fakulta EU. Katedra služieb a cestovného ruchu - zrušené
Altri autori: Pachingerová, Mária
Natura: Libro
Lingua:slovacco
Pubblicazione: Bratislava 2013
Tags: Aggiungi Tag
Nessun Tag, puoi essere il primo ad aggiungerne!!

MARC

LEADER 00000nbm a2200000 4500
001 0169551
005 20161109102311.5
041 0 |a slo 
044 |a SK 
245 1 0 |a Výsledky uplatnenia regionálneho operačného programu Podpora neinvestičných aktivít v cestovnom ruchu v rámci ROP  |b diplomová práca  |c Boris Kozma ; školiteľ: Mária Pachingerová 
264 1 |a Bratislava  |c 2013 
300 |a 59 s. 
100 1 |a Kozma, Boris 
700 1 |a Pachingerová, Mária 
710 2 |a Obchodná fakulta EU. Katedra služieb a cestovného ruchu - zrušené